00789nam a2200217 a 4500008004100000020001500041050001500056100002100071245006800092260003300160300002100193350000900214650001800223650001000241650003400251650002000285700002200305995009600327999001700423952013100440120416s1980 ||||||||||||||||| || u a0070386072 aHG 173 Lom aTorto, Raymond G10aMoney and the financial system: theory, institutions and policy aNew York:bMcGraw-Hillc1980 axix, 554p. : ill a0.00 aFISCAL POLICY aMONEY 0aFINANCE--DEVELOPING COUNTRIES aMONETARY POLICY aLombra, Raymond E D0.00FCBU-MAIN LIBRARY (Kitwe)H1I31.95M1UAVAILABLEZMain Library Open Access Collection c51602d51602 00102lcc4070a001b001cMain Library Open Access Collectiond2022-11-30l0oHG 173 Lomp007098r2022-11-30w2022-11-30y002